000 01145nam a2200301 a 4500
001 000113158
003 CHAP
005 20220329144341.0
008 170504s2016 mx sm |||||||spa d
010 _a109619
011 _a110591
040 _cCHAP
090 _aTesis
100 1 _aMuñoz Durán, Horacio
_9132113
245 1 0 _aPropuesta para la evaluación del desempeño docente en los CBT del Estado de México, mediante la percepción de los estudiantes aplicado los CEDA
_h[En línea]
_cpor Horacio Muñoz Durán.
260 _aChapingo, Méx. :
_bEl autor,
_c2016.
500 _aPara ver el contenido del material haga clic en la liga
502 _aTesis (M. en Procesos Educativos) -- UACH. Centro de Educación Continua
590 _aE11695DGD
_b10
_c20170508
_lUCH01
_h0916
590 _aE5765TAJ
_b05
_c20170504
_lUCH01
_h0908
590 _aE5765TAJ
_b05
_c20170504
_lUCH01
_h0908
650 1 4 _aMaestros
_xEducación superior
_xCapacitación.
_9132114
650 1 4 _aMaestros
_xEvaluación.
_969755
856 _aFinding aid
_uhttp://10.13.5.2/tesis/sist113158.pdf
_zTeclea aquí
901 _aBK
942 _cTESIS
942 _n0
999 _c109619
_d109619